[Event "7th RTU Open 2017"]
[Site "Riga"]
[Date "2017.08.11"]
[Round "7"]
[White "Kumsiashvili, Nikoloz"]
[Black "Brunello, Sabino"]
[Result "0-1"]
[WhiteElo "2403"]
[BlackElo "2566"]
[Annotator "TA"]
[PlyCount "110"]
[EventDate "2017.??.??"]
[EventType "swiss"]
[EventCountry "LAT"]
[SourceTitle "playchess.com"]
[Source "ChessBase"]
[SourceQuality "1"]

{[%evp 25,110,7,10,0,0,0,0,0,0,0,27,0,0,-135,-129,-120,-138,-123,-28,-28,-28,-28,-28,-28,-28,-29,-29,-31,-36,-43,-23,-24,-26,-42,-42,-50,-58,-99,-99,-127,-124,-153,-145,-145,-8,-13,-16,-88,-41,-56,-8,-8,-8,-8,-8,-16,-16,-1650,-1660,-6099,-5884,-29965,-8,-8,0,-29966,-29966,-29966,-29965,-29969,-29970,-29970,-29971,-29972,-29973,-29973,-29974,-29978,-29976,-29976,-29977,-29977,-29978,-29978,-29979,-29983,-29984]} 1. d4 Nf6 2. c4 e6 3. Nf3 b6 4. a3 Bb7 5. Nc3 d5 6. cxd5 Nxd5 7. e3 Be7 8. Bb5+ c6 9. Bd3 O-O 10. e4 Nxc3 11. bxc3 c5 12. O-O Qc7 {E12: Queen's Indian: Unusual White 4th moves, 4 a3, 4 Nc3 Bb7 5 a3 and 4 Nc3 Bb7} 13. Qe2 Rd8 {LiveBook: 8 Games} 14. Re1 Nc6 {[%cal Rc5d4] The position is equal.} 15. d5 exd5 16. exd5 Rxd5 {[#]} 17. Bg5 $146 {[%cal Rg5e7][%mdl 512] [#]} ({Predecessor:} 17. Ng5 g6 18. Nxf7 Rf8 19. Qe4 Rxf7 20. Qxd5 Nb4 21. Qxf7+ Kxf7 22. axb4 cxb4 23. Rxa7 Qxc3 24. Rd1 Qc6 25. f3 Qc8 26. Kh1 g5 {½-½ (25) Rattinger,F (2688)-Mercky,G (2524) ICCF email 2008}) 17... Ne5 $1 {[%mdl 512]} (17... Rxg5 18. Nxg5) 18. Bf4 (18. Nxe5 Bxg5) 18... Rxd3 19. Bxe5 (19. Nxe5 $11 Rdd8 20. Nxf7 $1 {[%mdl 512]} Qxf4 21. Nxd8 Bxd8 22. Rad1) 19... Qd7 $17 20. Bd4 Rxf3 $1 ({Don't play} 20... Rxd4 $6 21. cxd4 Bd6 22. Rad1 $14) 21. Qxe7 Qxe7 (21... Qc6 $1 $17 22. gxf3 Qg6+ 23. Kf1 Ba6+ 24. Re2 cxd4 25. cxd4 Bd3) 22. Rxe7 $11 Rd3 23. Rxb7 {aiming for Be5.} cxd4 24. cxd4 Rxd4 {[%mdl 4096] Endgame KRR-KRR} 25. Re1 Ra4 26. Re3 Rf8 27. h3 g5 28. Rd3 Kg7 29. g3 h5 30. Kg2 Kg6 31. Rc3 f6 32. Rcc7 Rxa3 33. g4 hxg4 34. hxg4 {White threatens Rg7+ and mate.} f5 (34... Rg8 $1 $17 35. Rd7 Ra4) 35. Rg7+ Kf6 36. gxf5 (36. Rxa7 $11 Rxa7 37. Rxa7) 36... Kxf5 (36... Ke5 {is more complex.} 37. Rxg5 Rxf5 38. Rgg7 Ra2 39. Kg3 Rfxf2 40. Rge7+ Kd5) 37. Rxa7 Rxa7 (37... Rb3 {seems wilder.} 38. Rad7 Kg4 39. Rd4+ Rf4 40. Rd5 Rf5) 38. Rxa7 {KR-KR} Ke4 {Hoping for ...Kd4.} 39. Rb7 $1 Rf6 40. Kg3 Kd5 {Threatening ...Kc6.} 41. Rg7 $2 {[%mdl 8192]} (41. f3 $11) 41... Rf5 $19 42. f3 b5 {[%cal Bb6b5,Bb5b4,Bb4b3][%mdl 32]} 43. Kg4 {[#]} Rf4+ $2 (43... Re5 $1 {mates} 44. Rd7+ Kc4 45. f4 gxf4 46. Kxf4 Rd5 47. Rc7+ Rc5 48. Rd7 b4 49. Ke3 Kc3 50. Rd3+ Kc2 51. Rd2+ Kc1 52. Rf2 b3 53. Kd4 Rc8 54. Kd3 Kb1 55. Rf1+ Ka2 56. Rf7 Ra8 57. Kd4 b2 58. Rf1 b1=Q 59. Rxb1 Kxb1 60. Kd5 Re8 61. Kc4 Kc2 62. Kc5 Kc3 63. Kd5 Re1 64. Kc5 Rd1 65. Kb5 Rd5+ 66. Kb6 Kb4 67. Kc6 Rd3 68. Kb7 Kc5 69. Kc7 Kb5 70. Kb7 Rc3 71. Ka8 Ka6 72. Kb8 Kb6 73. Ka8 Rc8#) 44. Kg3 $11 Rf5 $2 {[%mdl 8192]} (44... Ra4 $11) 45. Kg4 {[#]} Re5 $1 {Black mates.} 46. Rc7 b4 47. f4 gxf4 48. Kxf4 Re1 49. Kf3 b3 50. Rb7 Kc4 51. Kf2 Re8 52. Rc7+ Kd3 53. Rb7 Kc2 54. Rc7+ Kb1 55. Kf1 b2 {Precision: White = 42%, Black = 58%.} 0-1

[Event "7th RTU Open 2017"]
[Site "Riga"]
[Date "2017.08.11"]
[Round "7"]
[White "Ikeda, Junta"]
[Black "Kunin, Vitaly"]
[Result "0-1"]
[WhiteElo "2397"]
[BlackElo "2551"]
[Annotator "TA"]
[PlyCount "86"]
[EventDate "2017.??.??"]
[EventType "swiss"]
[EventCountry "LAT"]
[SourceTitle "playchess.com"]
[Source "ChessBase"]
[SourceQuality "1"]

{[%evp 29,86,-29,-24,-32,-2,-27,-31,-63,-26,-33,-4,-70,-74,-126,-152,-148,-142,-279,-198,-280,-280,-1369,-1382,-1351,-495,-481,-361,-833,-827,-839,-830,-929,-858,-814,-465,-465,358,-452,-462,-463,-426,-455,-452,-453,-441,-454,-452,-524,-524,-495,-479,-526,-464,-537,-525,-519,-462,-566,-544]} 1. d4 Nf6 2. c4 e6 3. Nc3 Bb4 4. f3 d5 5. a3 Bxc3+ 6. bxc3 O-O 7. cxd5 exd5 8. e3 c5 9. Bd3 b6 10. Ne2 Ba6 11. Bxa6 Nxa6 12. O-O Nc7 13. Ng3 Re8 14. Qd3 {E49: Nimzo-Indian: Rubinstein: 5 Bd3 d5 6 a3 Bxc3+ 7 bxc3} (14. Ra2 Nb5 15. Qd3 Nd6 16. Re2 Qd7 17. e4 Qb5 18. Qxb5 Nxb5 19. Bb2 Nd6 20. e5 Nc4 21. exf6 Rxe2 22. Nxe2 Nxb2 23. dxc5 bxc5 {½-½ (32) Jones,G (2625)-Wojtaszek,R (2727) Gibraltar 2016}) 14... Ne6 15. Bb2 Rc8 {LiveBook: 5 Games} 16. Rae1 {Black has an edge.} Qc7 17. Rf2 h5 $146 ({Find the theoretical novelty and annotate with similar games:} 17... cxd4 18. cxd4 g6 19. Qd2 Re7 20. e4 Qf4 21. Qd1 Rec7 22. Ne2 Qh4 23. e5 Ne8 24. g3 Qd8 25. Bc1 Rc4 {½-½ (25) Konaplev,A (2147)-Dimitrov,V (2428) Sunny Beach 2015}) 18. Ref1 cxd4 19. cxd4 Qc4 20. Qf5 ({White should try} 20. Qd2 $11) 20... h4 $36 {[%mdl 2048] Keeping White busy.} 21. Nh5 (21. Nh1 $142) 21... Nxh5 $17 22. Qxh5 Qb3 23. g3 (23. Bc1 $17 {was necessary.}) 23... Qxe3 24. Qxd5 (24. Kg2 {might work better.}) 24... Ng5 $19 25. Kh1 $2 (25. Qd7 hxg3 26. hxg3) 25... Nh3 26. Rg2 hxg3 (26... Qd3 $142 27. Ra1 Re6) 27. hxg3 Qh6 28. Qb3 $2 ({Don't go for} 28. Rh2 $2 {[#]} Rc2 $1 $19 {[%mdl 512]}) (28. Qf5 Nf2+ 29. Kg1 Qh1+ 30. Kxf2 Re2+ 31. Kxe2 Qxg2+ 32. Rf2 Re8+ 33. Qe5 Rxe5+ 34. dxe5 Qxg3 35. Ke3) 28... Re3 29. Qb5 Re6 30. Qb3 Rce8 {( -> ...Nf2+)} 31. Qb5 Nf2+ 32. Kg1 Qh1+ 33. Kxf2 {[#]} Re2+ $1 {[%mdl 512] Black is clearly winning.} 34. Qxe2 Rxe2+ 35. Kxe2 Qxg2+ {[%mdl 4096] Endgame KQ-KRB} 36. Rf2 Qxg3 37. Ke3 Kf8 38. d5 Qg5+ 39. Ke4 Qe7+ 40. Kf4 g5+ 41. Kg4 Qe3 42. Kg3 Ke7 43. a4 Kd6 {Precision: White = 20%, Black = 78%.} 0-1

[Event "7th RTU Open 2017"]
[Site "Riga"]
[Date "2017.08.11"]
[Round "7"]
[White "Tomazini, Zan"]
[Black "Kvon, Andrey"]
[Result "1/2-1/2"]
[WhiteElo "2395"]
[BlackElo "2500"]
[Annotator "TA"]
[PlyCount "110"]
[EventDate "2017.??.??"]
[EventType "swiss"]
[EventCountry "LAT"]
[SourceTitle "playchess.com"]
[Source "ChessBase"]
[SourceQuality "1"]

{[%evp 10,110,41,30,37,27,38,43,40,51,62,0,0,-5,-6,-3,0,-61,-13,-29,-20,-17,-6,-6,0,-8,0,-20,0,-17,0,-57,0,0,0,0,0,0,-6,-33,12,0,0,-51,-60,-66,-55,-50,0,0,0,0,0,-4,0,0,0,0,0,0,0,0,0,0,0,0,0,-11,0,0,0,0,0,0,0,0,0,0,0,0,0,0,0,-31,0,0,0,0,0,0,0,0,0,0,0,0,0,0,0,0,0,0,0]} 1. e4 c5 2. c3 d6 3. d4 Nf6 4. Bd3 g6 5. dxc5 dxc5 6. e5 Nh5 {B07: Pirc Defence: Miscellaneous Systems} (6... c4 7. Qa4+ Bd7 8. Qxc4 Ng4 9. Nf3 Nc6 10. Be4 Ngxe5 11. Nxe5 Nxe5 12. Qe2 Bg7 13. O-O O-O 14. Rd1 {0-1 (27) Rabiega,R (2498)-Almasi,Z (2702) Germany 2016}) 7. Nf3 Nc6 8. O-O Bg7 {White is slightly better.} 9. Re1 $146 ({Predecessor:} 9. Be4 Nxe5 10. Qxd8+ Kxd8 11. Be3 Nc4 12. Bxc5 Nf6 13. Bc2 b6 14. Bd4 Nxb2 {0-1 (104) Skawinski,A (2239)-Kempinski,R (2599) Warsaw 2012}) 9... Bf5 10. Bxf5 (10. Be2 $14) 10... Qxd1 $1 $11 11. Rxd1 gxf5 12. Re1 Rd8 13. Bd2 ({White should try} 13. Kf1 $1 $11) 13... O-O 14. h3 Rd3 $36 {[%mdl 2048] Black fights for an advantage.} 15. Re2 f4 16. Na3 Rfd8 17. Rae1 a6 18. Nb1 b5 19. Re4 Bh6 20. R1e2 (20. a4 $11) 20... f5 (20... Ng7 $15) 21. exf6 $1 Nxf6 22. Re6 R8d6 23. Nh4 R3d5 24. g4 (24. a4 $5) 24... fxg3 (24... Rxe6 {keeps more tension.} 25. Rxe6 Ne5 26. Rxe7 Bf8 27. Re6 Kf7) 25. Bxh6 Rd1+ 26. Re1 (26. Kg2 $11 gxf2 27. Kxf2 Rxb1 28. Nf5 Rxe6 29. Rxe6) 26... Rxb1 $1 $15 27. fxg3 Rxe6 ({Inferior is} 27... Rxb2 28. Nf5 $16) 28. Rxb1 Re2 29. Nf3 Kf7 30. Kf1 Rc2 31. Bd2 {Strongly threatening Ke2.} b4 32. cxb4 Ne4 33. Ng5+ Nxg5 34. Bxg5 Nxb4 $11 {[%mdl 4096] Endgame KRB-KRN} 35. Re1 Rxb2 36. Rxe7+ Kg6 37. h4 h5 38. Rc7 Nd3 39. Rd7 c4 40. Rd4 Rf2+ 41. Kg1 {[#] And now Rxd3! would win.} Rc2 42. g4 hxg4 43. Rxg4 Ne5 44. Re4 Nf3+ (44... Kf5 $5 45. Rf4+ $8 Kg6 $11) 45. Kf1 c3 (45... Nxg5 46. hxg5 Kf5 47. Re2 $15) 46. Ra4 Nxg5 47. Rxa6+ {The position is equal.} Kf5 48. hxg5 {KR-KR} Rh2 49. Rc6 c2 50. Ke1 $1 Kxg5 {[#] aiming for ...Kf5.} 51. Rc4 Kf5 52. a4 Ke5 {Hoping for ...Kd5.} 53. a5 Kd5 54. Rc8 Rh1+ (54... Kd4 $5 55. a6 $8 Kd3 56. Rd8+ (56. a7 Rh1+ 57. Kf2 Ra1 $11) 56... Ke4 $11) 55. Kd2 Ra1 {Precision: White = 70%, Black = 51%.} 1/2-1/2

[Event "7th RTU Open 2017"]
[Site "Riga"]
[Date "2017.08.11"]
[Round "7"]
[White "Mandizha, Farai"]
[Black "Berelowitsch, Alexander"]
[Result "1/2-1/2"]
[WhiteElo "2392"]
[BlackElo "2527"]
[Annotator "TA"]
[PlyCount "51"]
[EventDate "2017.??.??"]
[EventType "swiss"]
[EventCountry "LAT"]
[SourceTitle "playchess.com"]
[Source "ChessBase"]
[SourceQuality "1"]

{[%evp 10,51,0,0,15,-9,-2,-19,-3,-20,57,62,68,-2,2,-17,-17,-19,-19,-23,-13,-20,-5,-22,-11,-12,-22,-35,-32,-41,-45,-84,-59,-96,-69,-59,0,0,4,3,5,5,5,6]} 1. d4 d5 2. c4 e5 3. Nf3 e4 4. Nfd2 c6 5. Nc3 Nf6 6. e3 {LiveBook: 7 Games. D10: Slav Defence: 3 cxd5 (without early Nf3) and 3 Nc3} (6. cxd5 cxd5 7. Nb3 h6 8. Bf4 Be6 9. e3 Bb4 10. a3 Bxc3+ 11. bxc3 Nbd7 12. a4 Rc8 13. Bd6 Rxc3 {1-0 (44) Hernando Rodrigo,J (2345)-Jedryczka,K (2315) Castelldefels 2006}) 6... Na6 7. cxd5 cxd5 8. f3 $146 ({Predecessor:} 8. Bb5+ Bd7 9. O-O Nc7 10. Be2 Bd6 11. f3 exf3 12. Bxf3 {½-½ (21) Tran,Q-Phan,D Ho Chi Minh City 1999}) 8... exf3 9. Qxf3 Bd6 ({Better is} 9... Nb4 $11 10. Bb5+ Bd7 11. Bxd7+ Qxd7) 10. Bb5+ $14 ({And not} 10. Nxd5 Nxd5 11. Bb5+ Kf8 $17) 10... Bd7 11. Bxd7+ ({White should play} 11. Bxa6 $1 $14 bxa6 12. Nxd5 Nxd5 13. Qxd5) 11... Qxd7 $11 12. O-O (12. e4 $5 {[%cal Re4e5]} Nb4 13. O-O $11) 12... O-O 13. e4 dxe4 14. Ndxe4 Nxe4 15. Nxe4 Nb4 16. Bd2 Be7 17. Rad1 Nd5 18. Qh5 Rad8 19. Bc1 b6 20. Rf3 {[#] Hoping for Rh3.} Qe6 21. Re1 g6 (21... f5 {looks sharper.} 22. Qh3 Nc7 23. Qg3 Rxd4 24. Ng5 Qd7) 22. Qe5 Qxe5 (22... Qc6 $15 23. Bh6 f6) 23. dxe5 {The position is equal.} Rd7 24. Rd1 Rfd8 25. Rfd3 b5 26. Bg5 {Precision: White = 46%, Black = 54%.} 1/2-1/2

[Event "7th RTU Open 2017"]
[Site "Riga"]
[Date "2017.08.11"]
[Round "7"]
[White "Gokerkan, Cem Kaan"]
[Black "Wieczorek, Oskar"]
[Result "1-0"]
[WhiteElo "2357"]
[BlackElo "2460"]
[Annotator "TA"]
[PlyCount "89"]
[EventDate "2017.??.??"]
[EventType "swiss"]
[EventCountry "LAT"]
[SourceTitle "playchess.com"]
[Source "ChessBase"]
[SourceQuality "1"]

{[%evp 17,89,26,39,0,0,0,0,0,0,0,0,0,0,0,0,0,0,0,0,0,35,29,33,43,54,48,539,59,59,16,51,0,0,0,0,0,0,0,0,0,0,-10,0,0,0,0,0,0,28,30,43,7,11,0,33,0,28,14,96,109,166,0,576,558,1443,1454,29985,29986,29996,29997,29997,29996,29998,29997]} 1. e4 {[%cal Be2e4,Be4e5][%mdl 32]} c6 2. Nc3 d5 3. Nf3 Nf6 4. e5 Ne4 5. Ne2 Qb6 6. d4 {B11: Caro-Kann: Two Knights Variation} e6 7. Ng3 c5 8. c3 (8. Bd3 Nc6 9. Nxe4 dxe4 10. Bxe4 cxd4 11. O-O Bd7 12. a3 h6 13. Re1 {1-0 (71) Short,N (2675)-Caruana,F (2827) Caleta 2017}) 8... Nc6 9. Bd3 cxd4 {LiveBook: 6 Games} 10. cxd4 Bb4+ 11. Kf1 f5 12. Ne2 O-O $146 ({Predecessor:} 12... Bd7 13. h4 {0-1 (53) Middleton,T-Haydon,D (2290) High Wycombe 2011}) 13. h4 Bd7 14. Nf4 (14. a3 $5 {[%cal Ra3b4]} Be7 15. b4 $11) 14... Rac8 (14... Nxd4 15. Be3 $17) 15. Be3 Be7 16. Kg1 Na5 17. Ng5 Nxg5 18. hxg5 Bxg5 {[#]} ({Wrong is} 18... Qxb2 $2 19. Rb1 $18) 19. Nxd5 $1 {[%mdl 512]} exd5 20. Bxg5 Qxb2 21. Rh4 $1 {Hoping for Rb1.} Ba4 $2 {[%mdl 8192] [#]} (21... Qb6 $14) 22. Qxa4 $2 (22. Qh5 $1 $18 {[%cal Rh5h7][%mdl 512]} Qxa1+ 23. Kh2) 22... Qxa1+ $14 23. Kh2 Qc3 $1 {[%cal Rc3d3]} 24. Qd7 (24. Qb5 $14) 24... Qc6 $1 $11 {[%cal Rc6d7]} ({But not} 24... Qxd3 $2 {[#]} 25. Bf6 $1 $18 {[%mdl 512]}) 25. Bxf5 Qxd7 26. Bxd7 Nc6 27. Be6+ Kh8 28. Bxc8 Rxc8 {[%mdl 4096] Endgame KRB-KRN} 29. Be3 b5 30. Kg3 Kg8 (30... Ne7 $5 {[%cal Re7f5]} 31. Kg4 Rc2 $11) 31. Rh1 Ne7 32. Kf4 Kf7 33. Rxh7 b4 34. Kg5 Rc2 35. Rh8 Rxa2 36. Rb8 Nc6 37. Rb7+ Ke8 (37... Kf8 $11 {keeps the balance.}) 38. e6 $16 Ra6 (38... Nd8 $16 39. Rxb4 Nxe6+ 40. Kf5 Nc7) 39. f4 $2 (39. Rxg7 $18 {Kf6 is the strong threat.} Nd8 40. Kf5 Nxe6 41. Rb7) 39... Rb6 $2 {[%mdl 8192]} (39... Ra3 $11 {and Black has nothing to worry.} 40. Bc1 Rg3+ 41. Kh4 Rc3) 40. Rxg7 $18 b3 {And now ...b2 would win.} 41. f5 {[%cal Bf4f5,Bf5f6,Bf6f7][%mdl 32] f6 would kill now.} ({Weaker is} 41. Kf6 Kd8 $18) 41... b2 42. f6 {[%cal Rg7g8] White mates.} Kd8 43. Rd7+ Ke8 44. f7+ Kf8 45. Kh5 {Precision: White = 72%, Black = 37%.} 1-0

[Event "7th RTU Open 2017"]
[Site "Riga"]
[Date "2017.08.11"]
[Round "7"]
[White "Ozturk, Kubra"]
[Black "Sulskis, Sarunas"]
[Result "0-1"]
[WhiteElo "2298"]
[BlackElo "2519"]
[Annotator "TA"]
[PlyCount "52"]
[EventDate "2017.??.??"]
[EventType "swiss"]
[EventCountry "LAT"]
[SourceTitle "playchess.com"]
[Source "ChessBase"]
[SourceQuality "1"]

{[%evp 12,52,0,24,44,-9,0,-33,-56,-47,-39,-38,-56,-61,-62,-57,-49,-64,-52,-39,-39,-77,-82,-89,-35,-139,-152,-192,-200,-200,-181,-225,-221,-235,-245,-277,-196,-284,-247,-308,-279,-417,-407]} 1. d4 d5 2. c4 e6 3. g3 Nf6 4. Nf3 dxc4 5. Bg2 Nc6 6. O-O Rb8 7. e3 e5 {E04: Open Catalan: 5 Nf3} (7... b5 8. b3 cxb3 9. axb3 Be7 10. Qe2 O-O 11. Bd2 Bb7 12. Rc1 a6 13. Ne1 Nb4 14. Bxb7 Rxb7 15. Bxb4 Bxb4 16. Rxa6 {½-½ (48) Radjabov,T (2722)-Cheparinov,I (2677) Monzon 2016}) 8. b3 $146 (8. Nxe5 $14 Nxe5 9. dxe5 Qxd1 10. Rxd1) ({Predecessor:} 8. Nbd2 exd4 9. Nxc4 Be6 10. Nce5 Nxe5 11. Nxe5 Bd6 12. Qa4+ c6 13. exd4 O-O 14. Qxa7 Qc7 15. Qa4 {0-1 (42) Bindrich,F (2594)-Hausrath,D (2503) Berlin 2015}) 8... Bg4 9. Qc2 exd4 {Black is slightly better.} 10. Nxd4 Nxd4 11. exd4 Qxd4 12. Re1+ Be6 13. Bb2 Qd3 14. Qc1 Bb4 15. Re3 Qd6 {...cxb3 is the strong threat.} 16. Nc3 O-O ({Weaker is} 16... cxb3 17. Nb5 $16) 17. bxc4 Rfd8 ({Black should try} 17... Rbd8 $17 {And now ...c6 would win.} 18. Bxb7 Bc5) 18. Nb5 ({White should play} 18. Nd5 $1 $15) 18... Qd2 $36 {[%mdl 2048] Black is on the roll.} 19. Bc3 Bxc3 20. Rxc3 c6 21. Qxd2 Rxd2 22. Na3 Rbd8 23. h3 R8d3 24. Rb3 (24. Rxd3 $142 Rxd3 25. Nc2) 24... h5 25. Bf1 {[#]} Rxa2 $1 {[%mdl 512]} 26. Rxd3 (26. Rxa2 {was worth a try.} Rxb3 27. Nc2) 26... Rxa1 {Precision: White = 24%, Black = 63%.} 0-1